[Event "RUS-chT Rapid (Women)"]
[Site "Sochi"]
[Date "2023.10.19"]
[Round "9.8"]
[White "Evteenko, Yuliya"]
[Black "Timofeeva, Ekaterina"]
[Result "0-1"]
[WhiteElo "1703"]
[BlackElo "2294"]
[PlyCount "122"]
[EventDate "2023.10.18"]
[EventType "team-swiss (rapid)"]
[EventRounds "9"]
[EventCountry "RUS"]
[SourceTitle "Mega2024 Update 01"]
[Source "Chessbase"]
[SourceDate "2023.11.12"]
[SourceVersion "1"]
[SourceVersionDate "2023.11.12"]
[SourceQuality "1"]
[WhiteTeam "Rostov Nastavnik (W)"]
[BlackTeam "Novosibirsk Region (W)"]
[WhiteTeamCountry "RUS"]
[BlackTeamCountry "RUS"]

1. d4 d6 2. c4 e5 3. d5 f5 4. Nc3 Nf6 5. Bg5 Be7 6. Nf3 e4 7. Bxf6 Bxf6 8. Nd4 0-0 9. e3 c5 10. dxc6 bxc6 11. Be2 Qb6 12. Qd2 Na6 13. Na4 Qc7 14. 0-0 Be5 15. g3 Rb8 16. Rac1 c5 17. Nb5 Qe7 18. Nac3 Be6 19. Rfd1 Rfd8 20. b3 Qf7 21. a3 g5 22. Nd5 Rd7 23. f4 exf3 24. Bxf3 Kh8 25. Rf1 Rg8 26. Qe2 Qg7 27. Bg2 Nb8 28. a4 Na6 29. Rcd1 Rf8 30. Qd2 Nb8 31. Bh3 Nc6 32. Kh1 a6 33. Nbc3 Nb4 34. e4 Rdf7 35. exf5 Bxf5 36. Bxf5 Rxf5 37. Rxf5 Rxf5 38. Ne4 Nc6 39. Ne3 Rf3 40. Qe2 g4 41. Nd2 Nd4 42. Qe1 Bxg3 43. hxg3 Qh6+ 44. Kg1 Qxe3+ 45. Qxe3 Rxe3 46. Kf2 Rd3 47. Ke1 Rxg3 48. Rb1 h5 49. Kf2 Rd3 50. Ne4 Nf5 51. Nf6 g3+ 52. Kg2 h4 53. Ng4 Rd2+ 54. Kh3 Kg7 55. Rf1 Kg6 56. Re1 g2 57. Kh2 Kg5 58. Ne3 Nd4 59. Kh3 Nf3 60. Nxg2 Rxg2 61. Kxg2 Nxe1+ 0-1